[Event "Eastern Ontario op"]
[Site "Ottawa CAN"]
[Date "1996.06.15"]
[Round "1"]
[White "Collins, Chris"]
[Black "Pacey, Kevin"]
[Result "0-1"]
[WhiteElo "2038"]
[BlackElo "2257"]
[PlyCount "43"]
[EventDate "1996.06.15"]
[EventType "swiss"]
[EventRounds "5"]
[EventCountry "CAN"]

1. e4 e5 2. Nf3 Nc6 3. Bc4 Nf6 4. d4 exd4 5. O-O Bc5 6. c3 dxc3 7. Nxc3 O-O 8.
e5 Ng4 9. Ne4 Ngxe5 10. Nxc5 Nxc4 11. Bg5 f6 12. Qd5+ Kh8 13. Qxc4 fxg5 14. h4
d5 15. Qd3 b6 16. Qb5 Ne7 17. Nb3 gxh4 18. Nxh4 c5 19. Rfe1 Nf5 20. Qc6 Bd7 21.
Qxd5 Nxh4 22. Rad1 0-1

[Event "Eastern Ontario op"]
[Site "Ottawa CAN"]
[Date "1996.06.15"]
[Round "2"]
[White "Fortin, Marc"]
[Black "Cohen, David"]
[Result "0-1"]
[WhiteElo "1816"]
[BlackElo "1964"]
[PlyCount "92"]
[EventDate "1996.06.15"]
[EventType "swiss"]
[EventRounds "5"]
[EventCountry "CAN"]

1. e4 c5 2. Nf3 d6 3. d4 cxd4 4. Nxd4 Nf6 5. Nc3 Nc6 6. Bc4 e6 7. Be3 a6 8. f3
Be7 9. O-O Qc7 10. Bb3 Bd7 11. Qd2 Rc8 12. a3 Na5 13. Ba2 Nc4 14. Bxc4 Qxc4 15.
Qd3 O-O 16. Qxc4 Rxc4 17. Rfd1 Rfc8 18. Rac1 b5 19. Rd2 b4 20. axb4 Rxb4 21.
Nb3 a5 22. Ra1 a4 23. Nd4 Rxb2 24. Nde2 Ra8 25. Nd1 Rb7 26. Rd3 Rc7 27. Ra2 Bb5
28. Rd2 Bc4 29. Ra1 a3 30. Nc1 d5 31. e5 Nd7 32. Bd4 Bg5 33. Rf2 Bf4 34. c3
Nxe5 35. g3 Bxc1 36. Bxe5 Rb7 37. Rc2 Bg5 38. f4 Be7 39. Ne3 Bd3 40. Rca2 f6
41. Bd4 Rb1+ 42. Rxb1 Bxb1 43. Ra1 a2 44. c4 dxc4 45. Nxc4 Ra4 46. Bb2 Rxc4 0-1

[Event "Eastern Ontario op"]
[Site "Ottawa CAN"]
[Date "1996.06.15"]
[Round "3"]
[White "Cohen, David"]
[Black "Trottier, Stephane"]
[Result "1-0"]
[WhiteElo "1964"]
[BlackElo "1868"]
[PlyCount "37"]
[EventDate "1996.06.15"]
[EventType "swiss"]
[EventRounds "5"]
[EventCountry "CAN"]

1. e4 d5 2. exd5 Nf6 3. d4 Nxd5 4. c4 Nb6 5. Be3 e5 6. Nc3 Bb4 7. a3 Bxc3+ 8.
bxc3 exd4 9. cxd4 O-O 10. Bd3 f5 11. Ne2 Nc6 12. O-O f4 13. Nxf4 Nxd4 14. Bxd4
Rxf4 15. Bxb6 Bg4 16. Qd2 Rf6 17. Bc5 b6 18. Bxh7+ Kxh7 19. Qxd8 1-0

[Event "Eastern Ontario op"]
[Site "Ottawa CAN"]
[Date "1996.06.15"]
[Round "3"]
[White "Pacey, Kevin"]
[Black "Rulloda, Rogelio"]
[Result "1-0"]
[WhiteElo "2257"]
[BlackElo "2084"]
[PlyCount "57"]
[EventDate "1996.06.15"]
[EventType "swiss"]
[EventRounds "5"]
[EventCountry "CAN"]

1. e4 c5 2. Nf3 d6 3. d4 cxd4 4. Nxd4 Nf6 5. Nc3 g6 6. Be2 Bg7 7. Be3 O-O 8. h4
Nc6 9. Qd2 Bd7 10. O-O-O Ne5 11. f3 Rc8 12. g4 Nc4 13. Bxc4 Rxc4 14. h5 Qa5 15.
Nb3 Qa6 16. Kb1 Be6 17. Bh6 Nxe4 18. Nxe4 Rd4 19. Qe3 Rxd1+ 20. Rxd1 Rc8 21.
Bxg7 Kxg7 22. h6+ Kf8 23. Qd4 f6 24. Nxf6 Qe2 25. Nxh7+ Ke8 26. Qd3 Qh2 27. Ng5
Bc4 28. Qxg6+ Kd7 29. Qf5+ 1-0

[Event "Eastern Ontario op"]
[Site "Ottawa CAN"]
[Date "1996.06.16"]
[Round "4"]
[White "Djerkovic, Miladin"]
[Black "Pacey, Kevin"]
[Result "0-1"]
[WhiteElo "2371"]
[BlackElo "2257"]
[PlyCount "84"]
[EventDate "1996.06.15"]
[EventType "swiss"]
[EventRounds "5"]
[EventCountry "CAN"]

1. e4 e6 2. d4 d5 3. Nc3 Bb4 4. e5 Ne7 5. a3 Bxc3+ 6. bxc3 c5 7. Nf3 Qa5 8. Bd2
Nbc6 9. Bd3 Bd7 10. O-O c4 11. Be2 O-O-O 12. Ng5 Rdf8 13. Bh5 g6 14. Be2 h6 15.
Nh3 f5 16. exf6 Rxf6 17. Qc1 Nf5 18. f4 Nd6 19. Bf3 Rf7 20. Nf2 Rhf8 21. Qe1
Qd8 22. a4 Nf5 23. a5 Nxa5 24. Ng4 Nc6 25. Ne5 Nxe5 26. dxe5 Kb8 27. g4 Ne7 28.
Qf2 b6 29. Rfb1 Nc8 30. Qd4 Qc7 31. Bg2 Bc6 32. Rf1 h5 33. h3 Qd8 34. Qf2 Rh8
35. Qg3 Kb7 36. gxh5 gxh5 37. Qg6 Qe8 38. Rf2 Rg8 39. Qxh5 d4 40. f5 Bxg2 41.
Kh2 Be4 42. f6 Rxf6 0-1

[Event "Eastern Ontario op"]
[Site "Ottawa CAN"]
[Date "1996.06.16"]
[Round "4"]
[White "Serdula, Jay"]
[Black "Cohen, David"]
[Result "0-1"]
[WhiteElo "1894"]
[BlackElo "1964"]
[PlyCount "92"]
[EventDate "1996.06.15"]
[EventType "swiss"]
[EventRounds "5"]
[EventCountry "CAN"]

1. e4 c5 2. Nf3 d6 3. d4 cxd4 4. Nxd4 Nf6 5. Nc3 Nc6 6. Bg5 e6 7. f4 Be7 8. Qd3
a6 9. O-O-O Qc7 10. Be2 Bd7 11. Bxf6 Bxf6 12. Nxc6 Bxc6 13. f5 O-O-O 14. Bf3
Rhe8 15. fxe6 fxe6 16. g3 Kb8 17. Rdf1 Rc8 18. e5 Bxe5 19. Qxh7 Bxc3 20. bxc3
Bb5 21. Rf2 Qxc3 22. Rd1 Qa1+ 23. Kd2 Qxa2 24. Qxg7 Qxc2+ 25. Ke1 Qc7 26. Qxc7+
Kxc7 27. Rc2+ Bc6 28. Bxc6 bxc6 29. Ra1 Ra8 30. Rca2 c5 31. Rxa6 Rxa6 32. Rxa6
c4 33. h4 Rg8 34. Kf2 Kd7 35. Kf3 d5 36. g4 c3 37. Ra2 d4 38. Rg2 Kd6 39. Ke4
Kc5 40. Kd3 e5 41. h5 Kd5 42. h6 e4+ 43. Kc2 Kc4 44. g5 d3+ 45. Kc1 Ra8 46. Kb1
Kb3 0-1

[Event "Eastern Ontario op"]
[Site "Ottawa CAN"]
[Date "1996.06.16"]
[Round "5"]
[White "Cohen, David"]
[Black "Langer, Herb"]
[Result "0-1"]
[WhiteElo "1964"]
[BlackElo "1945"]
[PlyCount "178"]
[EventDate "1996.06.15"]
[EventType "swiss"]
[EventRounds "5"]
[EventCountry "CAN"]

1. e4 d6 2. d4 g6 3. Nf3 Bg7 4. Nc3 Nf6 5. Be3 O-O 6. Qd2 Nbd7 7. Bh6 e5 8.
Bxg7 Kxg7 9. O-O-O Qe7 10. Bc4 Nb6 11. Bb3 Be6 12. d5 Bg4 13. h3 Bxf3 14. gxf3
Nh5 15. Ne2 Qh4 16. Rdf1 f5 17. Ng3 Nxg3 18. fxg3 Qxg3 19. Rhg1 Qf4 20. Qxf4
exf4 21. Re1 fxe4 22. Rxe4 Rae8 23. Rge1 Rxe4 24. Rxe4 Rf7 25. Kd2 Nd7 26. Ke1
Nc5 27. Rb4 a5 28. Rd4 Re7+ 29. Kf2 g5 30. Bc4 Kf6 31. a3 b6 32. b4 axb4 33.
axb4 Nd7 34. Be2 Ne5 35. Rd1 h5 36. Ra1 Rg7 37. Ra7 Kf5 38. c4 Re7 39. c5 bxc5
40. bxc5 Nf7 41. cxd6 Nxd6 42. Bd1 Rg7 43. Ba4 Ke5 44. Bc6 Nf5 45. Ra8 Ne3 46.
Re8+ Kd6 47. Rd8+ Kc5 48. Ba8 Re7 49. Rg8 Re5 50. Rg7 Kb6 51. Rg6+ Ka7 52. Bc6
Nxd5 53. Rh6 h4 54. Bd7 Ne7 55. Re6 Rxe6 56. Bxe6 Kb6 57. Ke2 Kc5 58. Kd3 Kd6
59. Bc4 Ke5 60. Bb5 Nf5 61. Bc6 Nd4 62. Be4 c5 63. Bb7 Nb5 64. Ba8 Nd6 65. Bc6
Nf5 66. Kc4 Kd6 67. Be4 Ng3 68. Bg6 Ne2 69. Bf5 Ng1 70. Bg4 Kc6 71. Kc3 Kd5 72.
Kd3 c4+ 73. Kc3 Kc5 74. Kc2 Kd4 75. Kd2 c3+ 76. Kc2 Kc4 77. Be6+ Kd4 78. Bg4
Ke3 79. Kxc3 Nxf3 80. Kc2 Ng1 81. Kd1 Kf2 82. Kd2 Kg3 83. Ke1 Nxh3 84. Bd7 g4
85. Kf1 f3 86. Bc6 Nf2 87. Bd7 h3 88. Bxg4 Kxg4 89. Kxf2 h2 {2nd place} 0-1

[Event "Eastern Ontario op"]
[Site "Ottawa CAN"]
[Date "1996.06.16"]
[Round "5"]
[White "Pacey, Kevin"]
[Black "Taylor, Gordon"]
[Result "1-0"]
[WhiteElo "2257"]
[BlackElo "2435"]
[PlyCount "113"]
[EventDate "1996.06.15"]
[EventType "swiss"]
[EventRounds "5"]
[EventCountry "CAN"]

1. e4 c5 2. Nf3 Nc6 3. Bb5 g6 4. O-O Bg7 5. c3 Nf6 6. Re1 O-O 7. d4 cxd4 8.
cxd4 d5 9. e5 Ne4 10. Nc3 Nxc3 11. bxc3 Qa5 12. a4 Bg4 13. Bb2 Qc7 14. h3 Bd7
15. Nd2 a6 16. Bd3 Na5 17. f4 b5 18. axb5 Bxb5 19. Bc2 e6 20. Ba3 Rfc8 21. Re3
Bf8 22. Bxf8 Rxf8 23. Qg4 Nc4 24. Nxc4 Bxc4 25. Qg5 Rfb8 26. f5 exf5 27. e6 Re8
28. Bxf5 Kg7 29. Rae1 fxe6 30. Rxe6 Rxe6 31. Rxe6 Kh8 32. Re7 Qxe7 33. Qxe7
gxf5 34. Qb7 Rf8 35. Kf2 f4 36. Kf3 Kg8 37. h4 Rf7 38. Qc6 Kg7 39. h5 Rf6 40.
Qc7+ Rf7 41. Qe5+ Kf8 42. h6 a5 43. Qb8+ Ke7 44. Qc7+ Kf6 45. Qxa5 Kg6 46. Qb6+
Rf6 47. Qd8 Rf5 48. Qd6+ Rf6 49. Qe7 Rf7 50. Qe8 Bb3 51. Qg8+ Kf6 52. Kxf4 Ke7+
53. Ke5 Bc2 54. Qg5+ Kd7 55. Qg4+ Kc7 56. Qg7 Bg6 57. Ke6 1-0

[Event "Echecs Et Maths"]
[Site "Quebec CAN"]
[Date "1996.03.02"]
[Round "3"]
[White "Champetier, Serge"]
[Black "Cuskic, Branko"]
[Result "1-0"]
[WhiteElo "1993"]
[BlackElo "1832"]
[PlyCount "60"]
[EventDate "1996.03.01"]
[EventType "swiss"]
[EventRounds "5"]
[EventCountry "CAN"]

1. e4 e6 2. d4 d5 3. Nc3 Bb4 4. Nge2 dxe4 5. a3 Bxc3+ 6. Nxc3 Nf6 7. Bg5 h6 8.
Bh4 g5 9. Bg3 b6 10. h4 g4 11. Be5 Bb7 12. Nb5 Na6 13. Qd2 Rh7 14. Qf4 Nd5 15.
Qxe4 f5 16. Qd3 Nf6 17. O-O-O Rd7 18. Qe3 Ng8 19. Qb3 Nc5 20. Qe3 Ne4 21. Bc4
Qe7 22. f3 gxf3 23. gxf3 a6 24. fxe4 axb5 25. Bxb5 c6 26. Bc4 b5 27. Bb3 b4 28.
Rhg1 O-O-O 29. axb4 Qxb4 30. Bxe6 Ne7 1-0

[Event "Echecs Et Maths"]
[Site "Quebec CAN"]
[Date "1996.03.02"]
[Round "3"]
[White "Hebert, Marc"]
[Black "Michaud, Jacques"]
[Result "1-0"]
[WhiteElo "1855"]
[BlackElo "1586"]
[PlyCount "79"]
[EventDate "1996.03.01"]
[EventType "swiss"]
[EventRounds "5"]
[EventCountry "CAN"]

1. e4 c5 2. Nf3 d6 3. d4 cxd4 4. Qxd4 a6 5. Be3 Nf6 6. Nc3 e6 7. h3 Nc6 8. Qd2
Be7 9. Be2 O-O 10. g4 b5 11. g5 b4 12. gxf6 bxc3 13. Qxc3 Bxf6 14. Qxc6 Rb8 15.
Rd1 Qa5+ 16. Bd2 Qxa2 17. Qxd6 Qxb2 18. e5 Rd8 19. Qc5 Rd5 20. Qc3 Bxe5 21.
Nxe5 Rxe5 22. Qxb2 Rxb2 23. Bc3 Rxe2+ 24. Kxe2 Rxc2+ 25. Rd2 Rxd2+ 26. Kxd2 Bd7
27. Rg1 g6 28. Ke3 f5 29. Kf4 Kf7 30. Kg5 h5 31. Kh6 e5 32. Bxe5 Ke6 33. f4 Be8
34. Ra1 Bb5 35. Kxg6 Be2 36. Ra2 Bf1 37. h4 Bh3 38. Rxa6+ Kd5 39. Kxh5 Bg4+ 40.
Kg5 1-0

[Event "Echecs Et Maths"]
[Site "Quebec CAN"]
[Date "1996.03.03"]
[Round "5"]
[White "Cuskic, Branko"]
[Black "Belanger, Jacques"]
[Result "0-1"]
[WhiteElo "1832"]
[BlackElo "1868"]
[PlyCount "54"]
[EventDate "1996.03.01"]
[EventType "swiss"]
[EventRounds "5"]
[EventCountry "CAN"]

1. e4 c5 2. b4 cxb4 3. a3 d5 4. exd5 Nf6 5. axb4 Nxd5 6. Bc4 Qc7 7. Bb5+ Nc6 8.
Ne2 e5 9. c3 Be7 10. O-O O-O 11. Ng3 Be6 12. Bd3 Nf4 13. Bc2 Bc4 14. d3 Rad8
15. Qg4 Bxd3 16. Bxd3 Rxd3 17. Nf5 Bf6 18. g3 h5 19. Nh6+ Kh8 20. Qf5 Ne2+ 21.
Kh1 Nxc1 22. Qxh5 g6 23. Nxf7+ Kg7 24. Qh6+ Kxf7 25. Qxc1 Qd7 26. Qc2 Rh8 27.
b5 Qh3 0-1

[Event "Edmonton CC"]
[Site "Edmonton CAN"]
[Date "1996.??.??"]
[Round "1"]
[White "Ottosen, David"]
[Black "Alderton, Peter"]
[Result "0-1"]
[WhiteElo "1955"]
[BlackElo "1605"]
[PlyCount "30"]
[EventDate "1996.??.??"]
[EventType "swiss"]
[EventRounds "5"]
[EventCountry "CAN"]

1. e4 e5 2. Nc3 Nc6 3. Bc4 Bc5 4. Qg4 Qf6 5. Nd5 Qxf2+ 6. Kd1 d6 7. Qxg7 h5 8.
Nh3 Bxh3 9. Rf1 Bg4+ 10. Qxg4 Qxf1+ 11. Bxf1 hxg4 12. Nxc7+ Kd7 13. Nxa8 Nf6
14. d4 exd4 15. Bg5 Nxe4 0-1

[Event "Edmonton CC"]
[Site "Edmonton CAN"]
[Date "1996.??.??"]
[Round "2"]
[White "Dartana, Christiaan"]
[Black "Ottosen, David"]
[Result "1-0"]
[WhiteElo "1970"]
[BlackElo "1955"]
[PlyCount "107"]
[EventDate "1996.??.??"]
[EventType "swiss"]
[EventRounds "5"]
[EventCountry "CAN"]

1. Nf3 f5 2. d3 d5 3. g3 Nf6 4. Bg2 e6 5. Nbd2 Bd6 6. c4 c6 7. h4 Qc7 8. Nf1
Nbd7 9. b3 Ne5 10. Nxe5 Bxe5 11. d4 Bd6 12. c5 Be7 13. Bf4 Qd8 14. Nd2 b6 15.
b4 Nd7 16. Nf3 Bf6 17. O-O O-O 18. Qd2 Re8 19. Be5 bxc5 20. bxc5 Bxe5 21. Nxe5
Nxe5 22. dxe5 Ba6 23. Rfb1 Qe7 24. Qc2 Bc4 25. Qd2 Qxc5 26. Rb7 Re7 27. Rab1
Bb5 28. Rxe7 Qxe7 29. e3 Qc7 30. Qc3 Bc4 31. Bf1 Bxf1 32. Kxf1 c5 33. Rb5 c4
34. Ke2 Rb8 35. Qb2 Rxb5 36. Qxb5 Kf7 37. f4 Ke7 38. Qb4+ Ke8 39. Qb5+ Kd8 40.
Qb4 Kc8 41. Qb5 Qb6 42. Qe8+ Kb7 43. Qd7+ Ka6 44. Qa4+ Kb7 45. Qd7+ Kb8 46.
Qe8+ Kc7 47. Qe7+ Kc8 48. Qe8+ Kc7 49. Qe7+ Kc6 50. a4 Qc7 51. Qxe6+ Kc5 52.
Qxf5 g6 53. Qf8+ Kb6 54. Qb4+ 1-0

[Event "Edmonton CC"]
[Site "Edmonton CAN"]
[Date "1996.??.??"]
[Round "2"]
[White "Heagle, George"]
[Black "Ottosen, David"]
[Result "0-1"]
[WhiteElo "1675"]
[BlackElo "1955"]
[PlyCount "44"]
[EventDate "1996.??.??"]
[EventType "swiss"]
[EventRounds "5"]
[EventCountry "CAN"]

1. e4 c5 2. Nf3 d6 3. d4 cxd4 4. Nxd4 Nf6 5. Nc3 a6 6. Bc4 e6 7. O-O b5 8. Bd3
Bb7 9. f3 Nbd7 10. Bg5 d5 11. exd5 Bc5 12. Be3 Qb6 13. dxe6 fxe6 14. Kh1 e5 15.
Re1 Bxd4 16. Bxd4 Qxd4 17. Bg6+ Kf8 18. Bf5 Re8 19. Qe2 Qf4 20. Bh3 Re7 21.
Rad1 Ke8 22. Rd4 Qxd4 0-1

[Event "Edmonton CC"]
[Site "Edmonton CAN"]
[Date "1996.??.??"]
[Round "3"]
[White "Ottosen, David"]
[Black "Schocat, Eric"]
[Result "1-0"]
[WhiteElo "1955"]
[BlackElo "1950"]
[PlyCount "59"]
[EventDate "1996.??.??"]
[EventType "swiss"]
[EventRounds "5"]
[EventCountry "CAN"]

1. e4 c5 2. Nf3 Nc6 3. d4 cxd4 4. Nxd4 g6 5. Be3 Nf6 6. Nc3 Bg7 7. Be2 O-O 8.
f4 d6 9. Nb3 b6 10. g4 Bb7 11. g5 Nd7 12. Qd2 Nc5 13. Bf3 Nxb3 14. cxb3 Rc8 15.
O-O-O Qc7 16. Kb1 Na5 17. Rc1 Nc6 18. h4 Qd8 19. h5 e6 20. hxg6 hxg6 21. Nb5 d5
22. exd5 Ne7 23. Rxc8 Nxc8 24. Qh2 Re8 25. Bd4 Bxd4 26. Nxd4 Kf8 27. Qh8+ Ke7
28. Qf6+ Kd6 29. Nb5+ Kc5 30. Qd4+ 1-0

[Event "Edmonton CC"]
[Site "Edmonton CAN"]
[Date "1996.??.??"]
[Round "4"]
[White "Ottosen, David"]
[Black "Kuti, Alex"]
[Result "1-0"]
[WhiteElo "1955"]
[BlackElo "1880"]
[PlyCount "51"]
[EventDate "1996.??.??"]
[EventType "swiss"]
[EventRounds "5"]
[EventCountry "CAN"]

1. e4 e5 2. Nc3 Nf6 3. f4 d5 4. fxe5 Nxe4 5. d3 Qh4+ 6. g3 Nxc3 7. bxc3 Qe7 8.
d4 Bf5 9. Bg2 c6 10. Ne2 g6 11. O-O Bg7 12. Nf4 O-O 13. Nh5 Qe6 14. Nxg7 Kxg7
15. Bg5 Nd7 16. Qd2 Kg8 17. Bf6 Nxf6 18. exf6 h5 19. Rxf5 Qxf5 20. Rf1 Qxf1+
21. Bxf1 Kh7 22. Bd3 Rae8 23. Qg5 Re4 24. Bxe4 dxe4 25. g4 hxg4 26. Qh4+ 1-0

[Event "Fall Brawl"]
[Site "London CAN"]
[Date "1996.11.14"]
[Round "3"]
[White "Elieff, Kosta"]
[Black "Zoccano, John"]
[Result "0-1"]
[WhiteElo "2148"]
[BlackElo "1678"]
[PlyCount "54"]
[EventDate "1996.10.31"]
[EventType "swiss"]
[EventRounds "6"]
[EventCountry "CAN"]
[Source "CFC"]
[SourceDate "1997.02.01"]

1. e4 e6 2. d4 d5 3. exd5 exd5 4. c4 dxc4 5. Bxc4 Nf6 6. Nc3 Bb4 7. Qb3 Qe7+ 8.
Nge2 Nc6 9. a3 Nxd4 10. Qd1 Bxc3+ 11. bxc3 Nxe2 12. Bxe2 Bg4 13. f3 Bf5 14. Kf2
O-O 15. c4 Rfd8 16. Qb3 b6 17. g4 Bg6 18. h4 h5 19. g5 Nd7 20. Bb2 Nc5 21. Qc3
Qf8 22. a4 Nd3+ 23. Bxd3 Rxd3 24. Qc1 Qc5+ 25. Kg2 Rad8 26. Rf1 Rd2+ 27. Kh1
Qd6 0-1

[Event "Fathers Day op"]
[Site "Winnipeg CAN"]
[Date "1996.06.16"]
[Round "5"]
[White "Siciliano, Steve"]
[Black "Hanrahan, Nigel"]
[Result "0-1"]
[WhiteElo "1572"]
[BlackElo "1688"]
[PlyCount "52"]
[EventDate "1996.06.14"]
[EventType "swiss"]
[EventRounds "5"]
[EventCountry "CAN"]

1. Nf3 d5 2. g3 c5 3. c4 d4 4. Bg2 Nc6 5. O-O Nf6 6. d3 e5 7. Nbd2 Be7 8. Ng5
Bd7 9. Nge4 Nxe4 10. Nxe4 f5 11. Nd2 Qc7 12. Nb3 b6 13. f4 Bf6 14. fxe5 Bxe5
15. Bf4 O-O-O 16. e4 g6 17. Qf3 Rhf8 18. exf5 Rxf5 19. Bh3 Bxf4 20. Bxf5 Be3+
21. Kg2 Bxf5 22. Rad1 Ne5 23. Qa8+ Qb8 24. Qxb8+ Kxb8 25. Nc1 Bxc1 26. Rxc1
Nxd3 0-1

[Event "Georgetown-Brantford m"]
[Site "Brantford CAN"]
[Date "1996.??.??"]
[Round "?"]
[White "Godbout, Joseph"]
[Black "Welling, Peter"]
[Result "1-0"]
[WhiteElo "1872"]
[BlackElo "1723"]
[PlyCount "41"]
[EventDate "1996.??.??"]
[EventType "team"]
[EventRounds "1"]
[EventCountry "CAN"]
[Source "CFC"]
[SourceDate "1997.02.01"]

1. Nf3 d5 2. c4 Nf6 3. g3 Bf5 4. Bg2 e6 5. b3 c5 6. cxd5 exd5 7. O-O Nc6 8. Bb2
Be7 9. d4 cxd4 10. Nxd4 Bg6 11. Nd2 O-O 12. N2f3 Be4 13. Rc1 Rc8 14. Bh3 Nd7
15. Nf5 Bf6 16. N3d4 Nxd4 17. Rxc8 Nxe2+ 18. Qxe2 Qxc8 19. Bxf6 Bxf5 20. Bxf5
gxf6 21. Qg4+ 1-0

[Event "Geza Fuster mem"]
[Site "London CAN"]
[Date "1996.05.16"]
[Round "1"]
[White "Rivas, Edgar"]
[Black "Hatfield, Ed"]
[Result "1-0"]
[WhiteElo "1708"]
[BlackElo "1640"]
[PlyCount "91"]
[EventDate "1996.05.16"]
[EventType "tourn"]
[EventRounds "7"]
[EventCountry "CAN"]

1. e4 c5 2. Nf3 a6 3. d4 cxd4 4. Nxd4 e6 5. Nc3 Qc7 6. Be3 Nc6 7. Qd2 Bb4 8. a3
Ba5 9. b4 Bb6 10. Rc1 Nf6 11. f3 O-O 12. Na4 Ba7 13. c4 e5 14. Nf5 Bxe3 15.
Qxe3 d6 16. Nb6 Rb8 17. Nxg7 Kh8 18. Nd5 Qd8 19. Nxf6 Qxf6 20. Nh5 Qg6 21. Ng3
f5 22. exf5 Bxf5 23. Nxf5 Qxf5 24. Bd3 Qf6 25. O-O Nd4 26. Rf2 Rf7 27. Rcf1
Rbf8 28. Qe4 Qh6 29. f4 Qh4 30. c5 dxc5 31. Qxe5+ Qf6 32. Qxc5 Ne6 33. Qe5 Nxf4
34. Qxf6+ Rxf6 35. Rf3 Kg7 36. Be4 Ne2+ 37. Kf2 Rxf3+ 38. gxf3 Nd4 39. Bxb7 Rf6
40. Rg1+ Kf8 41. Be4 Rh6 42. Rd1 Rxh2+ 43. Kg3 Nxf3 44. Bxf3 Ra2 45. Rd3 Kg7
46. Bb7 1-0

[Event "Groupe Commerce"]
[Site "Thetford Mines CAN"]
[Date "1996.06.28"]
[Round "1"]
[White "Charest, Johanne"]
[Black "Moisan-Plante, Marc-Olivier"]
[Result "0-1"]
[WhiteElo "1866"]
[BlackElo "2110"]
[PlyCount "86"]
[EventDate "1996.06.28"]
[EventType "swiss"]
[EventRounds "5"]
[EventCountry "CAN"]

1. e4 e5 2. Nf3 d6 3. Nc3 f5 4. d4 fxe4 5. Nxe4 d5 6. Ng3 e4 7. Ne5 Nf6 8. Bg5
Be7 9. Bxf6 Bxf6 10. Qh5+ g6 11. Qh6 Qe7 12. Qd2 Bxe5 13. dxe5 Qxe5 14. O-O-O
Be6 15. Qe3 Nd7 16. Be2 Rf8 17. Rhe1 Qf4 18. Qxf4 Rxf4 19. f3 O-O-O 20. fxe4
dxe4 21. Rf1 Rdf8 22. Rxf4 Rxf4 23. Rf1 Rxf1+ 24. Bxf1 Nf6 25. Be2 Kd7 26. Kd2
Kd6 27. Ke3 Ke5 28. c4 c5 29. Nf1 Bg4 30. Bxg4 Nxg4+ 31. Kd2 Kd4 32. h3 Ne5 33.
b3 Nc6 34. Ne3 a6 35. Ng4 h5 36. Ne3 Ne7 37. Nc2+ Ke5 38. g3 Nf5 39. g4 Nd4 40.
Ne3 Kf4 41. Nd5+ Kf3 42. gxh5 gxh5 43. h4 Nf5 0-1

[Event "Groupe Commerce"]
[Site "Thetford Mines CAN"]
[Date "1996.06.28"]
[Round "1"]
[White "Tremblay, Sylvain"]
[Black "Lalonde, Jean-Louis"]
[Result "1-0"]
[WhiteElo "2150"]
[BlackElo "1868"]
[PlyCount "91"]
[EventDate "1996.06.28"]
[EventType "swiss"]
[EventRounds "5"]
[EventCountry "CAN"]

1. e4 c5 2. Nf3 Nc6 3. d4 cxd4 4. Nxd4 Nf6 5. Nc3 e5 6. Ndb5 d6 7. Bg5 a6 8.
Na3 b5 9. Nd5 Be7 10. Bxf6 Bxf6 11. c3 Bg5 12. Nc2 Be6 13. Nce3 Rc8 14. a4 O-O
15. axb5 axb5 16. Bxb5 Bxe3 17. Nxe3 Qb6 18. Qe2 Na5 19. O-O Rc5 20. Bd3 Bb3
21. Ra3 f5 22. Nxf5 Nc4 23. Raa1 Rc7 24. Rfe1 g6 25. Ne3 Nxe3 26. Qxe3 Qxe3 27.
Rxe3 Rb8 28. h3 Kf7 29. Ra3 Ke6 30. Be2 Ke7 31. Ra6 Be6 32. b4 Bc8 33. Ra3 Be6
34. Kh2 Bc4 35. Bxc4 Rxc4 36. Ra7+ Ke6 37. Rxh7 d5 38. exd5+ Kxd5 39. Rd7+ Ke6
40. Ra7 Rbc8 41. Ra6+ Kd5 42. Ra5+ Kd6 43. Raxe5 Rxc3 44. Re6+ Kd5 45. Rxc3
Rxc3 46. Rxg6 1-0

[Event "Groupe Commerce"]
[Site "Thetford Mines CAN"]
[Date "1996.06.29"]
[Round "2"]
[White "Larochelle, Martial"]
[Black "Tremblay, Sylvain"]
[Result "1-0"]
[WhiteElo "2024"]
[BlackElo "2150"]
[PlyCount "70"]
[EventDate "1996.06.28"]
[EventType "swiss"]
[EventRounds "5"]
[EventCountry "CAN"]

1. e4 e5 2. f4 exf4 3. Nf3 d5 4. exd5 Nf6 5. Bb5+ c6 6. dxc6 Nxc6 7. d4 Bd6 8.
O-O O-O 9. Nbd2 Bg4 10. Nc4 Bc7 11. Bxc6 bxc6 12. Qd3 Qd5 13. Nfe5 g5 14. Bxf4
gxf4 15. Rxf4 Qe6 16. Raf1 Bd8 17. Rxf6 Bxf6 18. Nxg4 Bg7 19. Nge3 Rae8 20. Nf5
Qf6 21. Ne5 Rxe5 22. dxe5 Qxe5 23. c3 Rb8 24. Qd7 Bf8 25. Nd4 Qh5 26. b4 c5 27.
Nc6 Rb6 28. b5 c4 29. a4 a6 30. Ne7+ Bxe7 31. Qxe7 Rh6 32. h3 axb5 33. axb5 Qd5
34. Qe8+ Kg7 35. Re1 Qxb5 1-0

[Event "Groupe Commerce"]
[Site "Thetford Mines CAN"]
[Date "1996.06.29"]
[Round "2"]
[White "Martineau, Michel"]
[Black "Charest, Johanne"]
[Result "1/2-1/2"]
[WhiteElo "1664"]
[BlackElo "1866"]
[PlyCount "69"]
[EventDate "1996.06.28"]
[EventType "swiss"]
[EventRounds "5"]
[EventCountry "CAN"]

1. c4 e6 2. g3 d5 3. Bg2 Nf6 4. Nc3 c5 5. e3 Nc6 6. cxd5 exd5 7. Nge2 Be6 8.
O-O Qd7 9. Nf4 Be7 10. Nxe6 fxe6 11. b3 O-O 12. Bb2 Rae8 13. Rc1 b6 14. Re1 Bd6
15. d3 Qf7 16. e4 d4 17. Nb5 Bb8 18. f4 e5 19. f5 g6 20. Rf1 Ne7 21. Bh3 g5 22.
Na3 h6 23. Nc4 Nc6 24. Rf2 Rc8 25. Kh1 Kh7 26. Qe2 Rfd8 27. Rg1 Nb4 28. Bc1 b5
29. Na3 a6 30. Bf1 Rg8 31. g4 Rg7 32. Rfg2 Rh8 33. Qf2 Bd6 34. h4 Kg8 35. h5
1/2-1/2

[Event "Groupe Commerce"]
[Site "Thetford Mines CAN"]
[Date "1996.06.29"]
[Round "3"]
[White "Charest, Johanne"]
[Black "Landry, Sylvain"]
[Result "1/2-1/2"]
[WhiteElo "1866"]
[BlackElo "1990"]
[PlyCount "85"]
[EventDate "1996.06.28"]
[EventType "swiss"]
[EventRounds "5"]
[EventCountry "CAN"]

1. e4 c5 2. Nc3 Nc6 3. g3 g6 4. Bg2 Bg7 5. d3 d6 6. Be3 e6 7. Nge2 Nd4 8. Qd2
Ne7 9. Bh6 Bxh6 10. Qxh6 Nxc2+ 11. Kd2 Nxa1 12. Rxa1 Bd7 13. Qf4 Qb6 14. Kc2
Nc6 15. Qf6 Rf8 16. Rd1 Qd8 17. Qf4 Qe7 18. Kb1 Nd4 19. e5 Nxe2 20. Nxe2 d5 21.
Rc1 Rc8 22. Qd2 f6 23. exf6 Rxf6 24. f4 b6 25. Nc3 Qd6 26. Re1 Kf7 27. Qe2 Re8
28. h4 h5 29. Qd2 Kg7 30. Bh3 Bc6 31. Re5 Rf5 32. Bxf5 exf5 33. Rxe8 Bxe8 34.
d4 Bc6 35. Qe3 Kf7 36. Nd1 cxd4 37. Qxd4 Qc5 38. Qe5 d4 39. Qxc5 bxc5 40. Nf2
c4 41. Nh3 Ke6 42. Ng5+ Kd5 43. Kc2 1/2-1/2

[Event "Groupe Commerce"]
[Site "Thetford Mines CAN"]
[Date "1996.06.29"]
[Round "3"]
[White "Tremblay, Sylvain"]
[Black "Plante, Michel"]
[Result "1-0"]
[WhiteElo "2150"]
[BlackElo "1906"]
[PlyCount "37"]
[EventDate "1996.06.28"]
[EventType "swiss"]
[EventRounds "5"]
[EventCountry "CAN"]

1. e4 d6 2. d4 Nf6 3. Nc3 Nbd7 4. Nf3 e5 5. Bc4 Be7 6. O-O O-O 7. Bb3 c6 8. Bg5
b5 9. a3 Qc7 10. Re1 Bb7 11. h3 Rfe8 12. Be3 a6 13. Ng5 Rf8 14. f4 exd4 15.
Bxd4 c5 16. Bxf6 gxf6 17. Nxh7 Kxh7 18. Qh5+ Kg7 19. Re3 1-0